| 000 | 00745nam a2200253 a 4500 | ||
|---|---|---|---|
| 008 | |||
| 020 | _a0072979135 (pbk.) | ||
| 049 | _aMAIN | ||
| 090 |
_aTH9120 _bKID |
||
| 100 | 1 | _aKidd, Steve | |
| 245 | 1 | 0 |
_aSafe firefighting : _bfirst things first / _cSteve Kidd, John Czajkowski and Garry Briese. |
| 260 |
_aBoston : _bMcGraw-Hill, _c2007. |
||
| 300 |
_axxiii, 296 p. _bcol. ill. ; _c27 cm. |
||
| 440 |
_aMcGraw-Hill companies ; _v. 1. |
||
| 500 | _aIncludes index. | ||
| 650 | 1 | _aFirefighting. | |
| 700 | _aBriese, Garry. | ||
| 700 | _aCzajkowski, John. | ||
| 907 |
_a.b10287917 _b03-05-11 _c22-11-10 |
||
| 003 | |||
| 005 | 20230123125112.0 | ||
| 040 | _cNUST | ||
| 942 |
_cBOOKS _kTH9120 _mKID |
||
| 999 |
_c135753 _d135753 |
||